[Event "53rd Groningen Open 2015"]
[Site "Groningen NED"]
[Date "2015.12.28"]
[Round "7.27"]
[White "Hilwerda, Jonas"]
[Black "Van Meegen, Ruud"]
[Result "0-1"]
[WhiteElo "2012"]
[BlackElo "2111"]
[WhiteFideId "1046713"]
[BlackFideId "1034995"]
[EventDate "2015.12.21"]

1. e4 c5 2. Nf3 g6 3. Bc4 Bg7 4. O-O e6 5. c3 Ne7 6. d4 cxd4 7. cxd4 d5 8. Bb5+
Bd7 9. Bxd7+ Nxd7 10. e5 O-O 11. Bf4 Nc6 12. Qe2 Qb6 13. Rd1 f6 14. exf6 Rxf6
15. Be3 Raf8 16. Nc3 Kh8 17. Bg5 Rxf3 18. gxf3 Nxd4 19. Rxd4 Qxd4 20. Qxe6 Ne5
21. f4 Nf3+ 22. Kg2 Nxg5 23. fxg5 Qxf2+ 24. Kh1 Qxb2 0-1

[Event "53rd Groningen Open 2015"]
[Site "Groningen NED"]
[Date "2015.12.28"]
[Round "7.28"]
[White "Ernst, Michael"]
[Black "Henseler, Jorgen"]
[Result "1-0"]
[WhiteElo "2177"]
[BlackElo "2044"]
[WhiteFideId "1618393"]
[BlackFideId "1023233"]
[EventDate "2015.12.21"]

1. d4 Nf6 2. c4 e6 3. Nc3 Bb4 4. Qc2 O-O 5. a3 Bxc3+ 6. Qxc3 b6 7. e3 Bb7 8. f3
d6 9. Bd3 Nbd7 10. Ne2 c5 11. O-O Rc8 12. b3 d5 13. Bb2 Qe7 14. Rac1 Rfd8 15.
Rfd1 cxd4 16. exd4 Nh5 17. Qe1 Nf8 18. Rc2 Ng6 19. Bc1 dxc4 20. bxc4 Bc6 21. Rc3
Ba4 22. Rd2 Nhf4 23. Nxf4 Nxf4 24. Qe4 Nxd3 25. Rdxd3 Qf6 26. Bf4 Bc6 27. Qe3 b5
28. Bg5 Qf5 29. Bxd8 Rxd8 30. cxb5 Qxb5 31. Rb3 Qd5 32. Qe5 1-0

[Event "53rd Groningen Open 2015"]
[Site "Groningen NED"]
[Date "2015.12.28"]
[Round "7.29"]
[White "Yaaqoub, Rashid"]
[Black "Elgersma, Simon"]
[Result "0-1"]
[WhiteTitle "FM"]
[WhiteElo "2175"]
[BlackElo "2017"]
[WhiteFideId "12200336"]
[BlackFideId "1046101"]
[EventDate "2015.12.21"]

1. e4 e6 2. d4 d5 3. Nd2 c5 4. Ngf3 cxd4 5. Nxd4 Nc6 6. Nxc6 bxc6 7. Bd3 Bd6 8.
O-O Ne7 9. c3 Ng6 10. Nf3 Qc7 11. Re1 Bb7 12. h3 O-O 13. exd5 cxd5 14. Ng5 Be7
15. Qg4 e5 16. Qh5 Bxg5 17. Bxg6 hxg6 18. Qxg5 Rfe8 19. Be3 Ba6 20. Rad1 Rad8
21. Qg3 Qe7 22. Bd4 f6 23. Qxg6 Qb7 24. Rd2 Bb5 25. Bc5 Qc7 26. Ba3 d4 27. Rc2
Ba4 28. Rd2 dxc3 29. Rxd8 Rxd8 30. bxc3 Qxc3 31. Re3 Qc7 32. Rg3 Qf7 33. Qg4 Bd7
34. Qd1 Rc8 35. Kh2 Be6 36. Bc1 Kh8 37. a4 Rc4 38. Be3 Rc7 39. a5 Rd7 40. Qa4
Qh5 41. Qb4 Qf7 42. Qe4 Rd5 43. Qh4+ Kg8 44. Qb4 Qc7 45. Qb5 0-1

[Event "53rd Groningen Open 2015"]
[Site "Groningen NED"]
[Date "2015.12.28"]
[Round "7.30"]
[White "Bianco, Valerio"]
[Black "Pajeken, Jakob Leon"]
[Result "1-0"]
[WhiteElo "2035"]
[BlackElo "2101"]
[WhiteFideId "800600"]
[BlackFideId "12942839"]
[EventDate "2015.12.21"]

1. d4 d5 2. Nf3 Nf6 3. c4 dxc4 4. e3 e6 5. Bxc4 c5 6. Qe2 cxd4 7. exd4 Nc6 8.
O-O Be7 9. Nc3 O-O 10. Rd1 Na5 11. Bd3 b6 12. Rb1 Bb7 13. b4 Nc6 14. a3 Rc8 15.
Bb2 Qc7 16. Rbc1 Qf4 17. Bc4 Nb8 18. Ne5 Nbd7 19. Nxd7 Nxd7 20. Ba6 Qb8 21. Bxb7
Qxb7 22. d5 e5 23. Ne4 f5 24. d6 Bh4 25. Ng3 f4 26. Qe4 Qxe4 27. Nxe4 Kf7 28. g3
fxg3 29. hxg3 Bf6 30. Rc7 Ke6 31. Rdc1 Rxc7 32. Rxc7 Ra8 33. Kg2 a5 34. b5 Rd8
35. f3 Rf8 36. a4 Rd8 37. Ba3 g6 38. Kf2 Bg7 39. Ng5+ Kd5 40. Nf7 1-0

[Event "53rd Groningen Open 2015"]
[Site "Groningen NED"]
[Date "2015.12.28"]
[Round "7.31"]
[White "Chaurette, Laurent"]
[Black "Hommes, Elmar"]
[Result "1/2-1/2"]
[WhiteElo "1987"]
[BlackElo "2078"]
[WhiteFideId "2623323"]
[BlackFideId "1017136"]
[EventDate "2015.12.21"]

1. d4 d5 2. Nf3 e6 3. c4 Nf6 4. g3 Be7 5. Bg2 O-O 6. O-O dxc4 7. Qc2 Nbd7 8.
Qxc4 Nb6 9. Qc2 a5 10. Nc3 Nbd5 11. a3 Bd7 12. Ne5 Be8 13. e4 Nxc3 14. Qxc3 Bb5
15. Re1 Nd7 16. Nf3 Nb6 17. Bf4 c6 18. Rad1 Bf6 19. Ne5 a4 20. Ng4 Bg5 21. Bxg5
Qxg5 22. Ne3 Rad8 23. Qa5 Nd7 24. d5 Nc5 25. dxc6 Bxc6 26. Rxd8 Rxd8 27. Rc1
Nxe4 28. Qxg5 Nxg5 29. Bxc6 bxc6 30. Rxc6 g6 31. h4 1/2-1/2

[Event "53rd Groningen Open 2015"]
[Site "Groningen NED"]
[Date "2015.12.28"]
[Round "7.32"]
[White "Willemsma, Abe"]
[Black "Vogel, Jaap"]
[Result "1-0"]
[BlackTitle "FM"]
[WhiteElo "2067"]
[BlackElo "2121"]
[WhiteFideId "1011561"]
[BlackFideId "1000764"]
[EventDate "2015.12.21"]

1. e4 e6 2. d4 d5 3. Nd2 Nf6 4. e5 Nfd7 5. Bd3 c5 6. c3 Nc6 7. Ngf3 Qb6 8. O-O
cxd4 9. c4 Ndxe5 10. cxd5 Nxf3+ 11. Nxf3 exd5 12. Re1+ Be6 13. Ng5 Be7 14. Nxe6
fxe6 15. Qh5+ g6 16. Bxg6+ Kd7 17. Bf7 Nd8 18. Rxe6 Nxe6 19. Qxd5+ Qd6 20. Bxe6+
Kd8 21. Qe4 Rf8 22. Bd2 Rf6 23. Re1 h6 24. f4 Ke8 25. f5 Rd8 26. Qg4 1-0

[Event "53rd Groningen Open 2015"]
[Site "Groningen NED"]
[Date "2015.12.28"]
[Round "7.33"]
[White "Hagesather, Ellen"]
[Black "Ratsma, Rosa"]
[Result "1/2-1/2"]
[WhiteTitle "WIM"]
[WhiteElo "2172"]
[BlackElo "2059"]
[WhiteFideId "1501909"]
[BlackFideId "1033662"]
[EventDate "2015.12.21"]

1. e4 c5 2. Nf3 d6 3. Bd3 Nc6 4. c3 Bg4 5. h3 Bxf3 6. Qxf3 g6 7. O-O Bg7 8. Bc2
Nf6 9. d3 O-O 10. Nd2 b5 11. Rd1 Nd7 12. Nb3 Qc7 13. Qe2 Nb6 14. Be3 Na4 15.
Rab1 b4 16. Nc1 Nb6 17. d4 cxd4 18. cxd4 a5 19. a4 e5 20. d5 Ne7 21. b3 f5 22.
f3 Kh8 23. Bd3 fxe4 24. fxe4 Rf7 25. Rb2 Raf8 26. Rc2 Qb8 27. Qg4 Nbxd5 28. exd5
Nxd5 29. Qe4 Nc3 30. Rxc3 bxc3 31. Bc4 Rf5 32. Ne2 Qb4 33. Rc1 c2 34. Qxc2 Qb7
35. Nc3 e4 36. Qxe4 Qxe4 37. Nxe4 Re5 38. Nxd6 Rxe3 39. Nf7+ Kg8 40. Nh6+ 1/2-1/2

[Event "53rd Groningen Open 2015"]
[Site "Groningen NED"]
[Date "2015.12.28"]
[Round "7.34"]
[White "Veltman, Anne"]
[Black "Schweitzer, Werner"]
[Result "0-1"]
[WhiteElo "2032"]
[BlackElo "2067"]
[WhiteFideId "1026917"]
[BlackFideId "1622927"]
[EventDate "2015.12.21"]

1. d4 Nf6 2. g3 g6 3. Bg2 Bg7 4. e4 d6 5. c4 O-O 6. Nc3 e5 7. d5 a5 8. Nge2 Na6
9. O-O Nc5 10. f4 exf4 11. gxf4 Bg4 12. Qc2 Nh5 13. Be3 b6 14. Nd4 Bd7 15. Rad1
Qe7 16. Ncb5 Rac8 17. Na7 Rce8 18. Nac6 Qh4 19. Rde1 Nf6 20. Nf3 Qh5 21. Bxc5
bxc5 22. Nxa5 Ra8 23. b4 Rfb8 24. Nc6 Bxc6 25. dxc6 Rxb4 26. e5 dxe5 27. Nxe5
Rba4 28. Re2 Ra3 29. Bd5 Nxd5 30. cxd5 Rxa2 31. Qxa2 Rxa2 32. Rxa2 Bxe5 33. fxe5
Qg4+ 34. Rg2 Qd4+ 35. Rgf2 Qxd5 36. Re2 c4 37. Rf4 c3 38. Rff2 Qxc6 39. Rc2 Qc5
40. e6 f5 41. Re2 Kf8 42. e7+ Ke8 43. Kf1 Qb5 44. Kg2 Qd5+ 45. Kg3 g5 46. h4
Qd3+ 47. Kg2 g4 48. Re5 Qh3+ 49. Kg1 Qg3+ 0-1

[Event "53rd Groningen Open 2015"]
[Site "Groningen NED"]
[Date "2015.12.28"]
[Round "7.35"]
[White "Halfhide, Sebastian"]
[Black "Van Baar, Esper"]
[Result "1-0"]
[WhiteElo "2119"]
[BlackElo "2002"]
[WhiteFideId "1045946"]
[BlackFideId "1049321"]
[EventDate "2015.12.21"]

1. e4 e6 2. d4 d5 3. Nc3 dxe4 4. Nxe4 Nd7 5. Nf3 Ngf6 6. Ned2 c5 7. c3 Be7 8.
Bd3 cxd4 9. cxd4 O-O 10. O-O Nb6 11. Qe2 Nbd5 12. Nc4 Bd7 13. a3 Bb5 14. b3 Nb6
15. Rd1 Rc8 16. Bg5 Nfd5 17. Bxe7 Nxe7 18. Rac1 Ng6 19. g3 Bc6 20. Nfe5 Bd5 21.
h4 Qe7 22. Ng4 Rfd8 23. h5 Nf8 24. h6 Qg5 25. hxg7 Kxg7 26. Nce3 Bxb3 27. f4
Bxd1 28. Rxd1 Qh5 29. Nf5+ 1-0

[Event "53rd Groningen Open 2015"]
[Site "Groningen NED"]
[Date "2015.12.29"]
[Round "8.1"]
[White "Van Foreest, Jorden"]
[Black "Boruchovsky, Avital"]
[Result "0-1"]
[WhiteTitle "IM"]
[BlackTitle "GM"]
[WhiteElo "2547"]
[BlackElo "2540"]
[WhiteFideId "1039784"]
[BlackFideId "2800055"]
[EventDate "2015.12.21"]

1. d4 Nf6 2. Nf3 g6 3. c4 Bg7 4. e3 O-O 5. Be2 a6 6. O-O c5 7. dxc5 Qc7 8. Nc3
Qxc5 9. e4 d6 10. Be3 Qa5 11. h3 Bd7 12. Qb3 Nc6 13. Nd5 b5 14. cxb5 axb5 15.
Nb6 Rab8 16. a4 bxa4 17. Rxa4 Nd4 18. Rxa5 Nxb3 19. Ra7 Be6 20. e5 dxe5 21. Nxe5
Rxb6 22. Bxb6 Nd5 23. Bc4 Nxb6 24. Bxe6 fxe6 25. Nc6 Nd4 26. Nxe7+ Kh8 27. Re1
Nc4 28. Re4 Nd2 29. Rg4 Ne2+ 30. Kh1 Rxf2 31. Nc6 Rf1+ 32. Kh2 Rf8 33. Re7 Nf1+
34. Kh1 Nfg3+ 35. Kh2 Nf1+ 36. Kh1 Ne3 37. Ra4 Ng3+ 38. Kg1 h5 39. Rxe6 Rf1+ 40.
Kh2 Nef5 0-1

[Event "53rd Groningen Open 2015"]
[Site "Groningen NED"]
[Date "2015.12.29"]
[Round "8.2"]
[White "Shyam, Sundar M."]
[Black "Petrov, Nikita"]
[Result "1/2-1/2"]
[WhiteTitle "GM"]
[BlackTitle "IM"]
[WhiteElo "2485"]
[BlackElo "2456"]
[WhiteFideId "5019141"]
[BlackFideId "4101286"]
[EventDate "2015.12.21"]

1. c4 Nf6 2. g3 c5 3. Bg2 Nc6 4. Nf3 g6 5. b3 Bg7 6. Bb2 O-O 7. O-O d6 8. d4
cxd4 9. Nxd4 Bd7 10. Qd2 Nxd4 11. Bxd4 Bc6 12. Nc3 Nd7 13. Bxg7 Kxg7 14. Rfd1 a5
15. h4 h5 16. Qd4+ Kg8 17. Nd5 Rc8 18. Qf4 Kg7 19. Bh3 Kg8 20. Qg5 Bxd5 21. Rxd5
b6 22. Rad1 Rc5 23. Rxc5 Nxc5 24. Qh6 Qe8 25. Rd5 f5 26. Bg2 Qf7 27. Rd1 Qg7 28.
Qg5 Qf6 29. Qh6 Qg7 30. Qg5 Qf6 31. Qh6 Qg7 32. Qg5 Qf6 33. Bd5+ 1/2-1/2

[Event "53rd Groningen Open 2015"]
[Site "Groningen NED"]
[Date "2015.12.29"]
[Round "8.3"]
[White "Kuipers, Stefan"]
[Black "Werle, Jan"]
[Result "1-0"]
[WhiteTitle "IM"]
[BlackTitle "GM"]
[WhiteElo "2398"]
[BlackElo "2542"]
[WhiteFideId "1018400"]
[BlackFideId "1006088"]
[EventDate "2015.12.21"]

1. e4 e6 2. d4 d5 3. Nc3 Bb4 4. Ne2 dxe4 5. a3 Be7 6. g4 e5 7. h3 h5 8. gxh5
Rxh5 9. Bg2 exd4 10. Nxe4 Nc6 11. N4g3 Rh8 12. Qd3 Nf6 13. Bg5 Nd5 14. Bxe7
Ndxe7 15. O-O-O Rh4 16. Qb5 Qd6 17. Kb1 Kf8 18. Ne4 Qg6 19. N2g3 a6 20. Qb3 Rb8
21. Rhg1 Be6 22. Qd3 Rd8 23. Qd2 Bd5 24. Nc5 Bxg2 25. Rxg2 Rd5 26. Nd3 Qh6 27.
Qe2 Rxh3 28. Re1 Rg5 29. Rgg1 Kg8 30. Qf3 Rg6 31. Re4 Rh4 32. Re2 Rf6 33. Qg2
Rh2 34. Qf1 Re6 35. Ne4 b6 36. Re1 a5 37. Nc1 Qh4 38. Qd3 Rh3 39. f3 Ng6 40.
Ref1 Nge5 41. Qa6 Re8 42. Ng5 Rg3 43. Rxg3 Qxg3 44. f4 Qg2 45. Re1 Rf8 46. Qb5
Nf3 47. Nxf3 Qxf3 48. Rg1 Re8 49. Qg5 g6 50. Qh6 1-0

[Event "53rd Groningen Open 2015"]
[Site "Groningen NED"]
[Date "2015.12.29"]
[Round "8.4"]
[White "Kasparov, Sergey"]
[Black "De Jong, Migchiel"]
[Result "1-0"]
[WhiteTitle "GM"]
[BlackTitle "IM"]
[WhiteElo "2485"]
[BlackElo "2336"]
[WhiteFideId "13500481"]
[BlackFideId "1002848"]
[EventDate "2015.12.21"]

1. e4 e6 2. d4 d5 3. Nd2 c5 4. exd5 Qxd5 5. Ngf3 cxd4 6. Bc4 Qd6 7. O-O Nf6 8.
Nb3 Nc6 9. Nbxd4 Nxd4 10. Nxd4 a6 11. Re1 Qc7 12. Bf1 Bc5 13. Bg5 O-O 14. Bxf6
gxf6 15. Qg4+ Kh8 16. Qh4 Be7 17. Re3 Rg8 18. Rae1 f5 19. Qh5 Bf8 20. Rc3 Qf4
21. Rc4 Qh6 22. Qxh6 Bxh6 23. g3 Bd7 24. Rc7 Rad8 25. Nf3 Bf4 26. Rxb7 Bc6 27.
Rb3 Be4 28. Bg2 Bb8 29. c3 Ba7 30. Ra3 Rd6 31. Ne5 Rd2 32. Rf1 Rxb2 33. Rxa6 Rb7
34. Bxe4 fxe4 35. Re1 Rc8 36. Rc6 Rxc6 37. Nxc6 f5 38. Nxa7 Rxa7 39. Re2 Kg7 40.
Kg2 Kf6 41. f3 exf3+ 42. Kxf3 Ra3 43. Rc2 Ke5 44. Ke3 Kd5 45. Kf4 Ra4+ 46. c4+
Kd4 47. Re2 Ra6 48. Rd2+ Kxc4 49. Ke5 Kc3 50. Rf2 Kd3 51. a3 Ke3 52. Ra2 h5 53.
a4 Kf3 54. a5 h4 55. Ra3+ Kg4 56. Ra4+ Kg5 57. gxh4+ Kh5 58. h3 Kg6 59. Kd4 Kf6
60. Kc5 e5 61. Kd5 e4 62. Kd4 Rd6+ 63. Ke3 Ke5 64. a6 f4+ 65. Kf2 f3 66. a7 Rd2+
67. Ke1 e3 68. Re4+ Kxe4 69. a8=Q+ Kf4 70. Qb8+ Ke4 71. Qb7+ Kf4 72. Qc7+ Ke4
73. Qe7+ Kd3 74. Qd6+ Ke4 75. Qe6+ Kd4 76. Qg4+ Kd3 77. Qxf3 Kd4 78. h5 Rf2 79.
Qg4+ Kd3 80. h6 Rh2 81. Qf5+ 1-0

[Event "53rd Groningen Open 2015"]
[Site "Groningen NED"]
[Date "2015.12.29"]
[Round "8.5"]
[White "Golubov, Saveliy"]
[Black "Lobzhanidze, Davit"]
[Result "1-0"]
[WhiteTitle "IM"]
[BlackTitle "IM"]
[WhiteElo "2452"]
[BlackElo "2425"]
[WhiteFideId "24176729"]
[BlackFideId "13600796"]
[EventDate "2015.12.21"]

1. d4 Nf6 2. c4 e6 3. Nc3 Bb4 4. e3 O-O 5. Ne2 d5 6. a3 Be7 7. cxd5 exd5 8. g3
c6 9. Bg2 Na6 10. O-O Nc7 11. f3 Be6 12. e4 dxe4 13. fxe4 Qd7 14. Bf4 Rac8 15.
Qc2 Bh3 16. Bxh3 Qxh3 17. Bxc7 Rxc7 18. e5 Ne8 19. Qb3 Qh6 20. Rf3 Rd7 21. Raf1
Qe6 22. Qa4 b5 23. Qc2 f6 24. Nf4 Qc4 25. Qf5 Rxd4 26. Ne6 g6 27. Qh3 f5 28.
Nxf8 Bxf8 29. Rxf5 gxf5 30. Qxf5 Bc5 31. Kh1 Rd7 32. e6 Rb7 33. Rf4 Ng7 34. e7
Qxf4 35. gxf4 Nxf5 36. e8=Q+ Bf8 37. Qxc6 Rf7 38. Ne4 Ne7 39. Qe6 Kg7 40. Nd6 1-0

[Event "53rd Groningen Open 2015"]
[Site "Groningen NED"]
[Date "2015.12.29"]
[Round "8.6"]
[White "Soors, Stef"]
[Black "Maatman, Nick"]
[Result "0-1"]
[WhiteTitle "IM"]
[WhiteElo "2398"]
[BlackElo "2258"]
[WhiteFideId "209511"]
[BlackFideId "1040391"]
[EventDate "2015.12.21"]

1. e4 c5 2. c3 e6 3. Nf3 d5 4. exd5 exd5 5. d4 Nc6 6. Bb5 Bd6 7. dxc5 Bxc5 8.
O-O Ne7 9. Nbd2 O-O 10. Nb3 Bb6 11. Re1 Qd6 12. Be3 Bxe3 13. Rxe3 Bg4 14. h3 Bh5
15. Be2 Rad8 16. Nfd4 Bg6 17. Qe1 Nc8 18. Rd1 Nb6 19. Nxc6 bxc6 20. Bf1 Rb8 21.
Rd2 h6 22. c4 Qf6 23. Rf3 Qg5 24. Rg3 Qf6 25. Rf3 Qg5 26. Rg3 Qf6 27. cxd5 cxd5
28. Rd4 Rfe8 29. Re3 Rxe3 30. Qxe3 Rc8 31. Bd3 Bxd3 32. Qxd3 Re8 33. g3 Nc4 34.
Rxd5 Ne5 35. Qc3 Nf3+ 36. Kg2 Ne1+ 37. Kg1 Nf3+ 38. Kg2 Ne1+ 39. Kg1 Qe6 40. Rd4
Qxh3 41. Qc6 Nf3+ 42. Qxf3 Re1# 0-1

[Event "53rd Groningen Open 2015"]
[Site "Groningen NED"]
[Date "2015.12.29"]
[Round "8.7"]
[White "Schoppen, Casper"]
[Black "Brink, Barry"]
[Result "0-1"]
[WhiteElo "2305"]
[BlackElo "2360"]
[WhiteFideId "1046730"]
[BlackFideId "1009451"]
[EventDate "2015.12.21"]

1. d4 Nf6 2. c4 e6 3. Nf3 Bb4+ 4. Nbd2 O-O 5. a3 Be7 6. e4 d5 7. e5 Nfd7 8. Bd3
c5 9. h4 h6 10. Bb1 cxd4 11. cxd5 exd5 12. Nb3 Nc6 13. Bf4 Re8 14. O-O Bxh4 15.
Qd3 Nf8 16. Nbxd4 Bg4 17. Nxh4 Qxh4 18. Bg3 Qh5 19. f4 Rad8 20. Bc2 g6 21. Rae1
Nxd4 22. Qxd4 b6 23. Kf2 Ne6 24. Qd2 Nc5 25. Rh1 Ne4+ 26. Bxe4 dxe4 27. Qe3 Qf5
28. Rxh6 Rd3 29. Qxe4 Qxe4 30. Rxe4 Bh5 31. f5 Rc8 32. Bf4 Rc2+ 33. Kg1 Rd1+ 34.
Kh2 Bf3 0-1

[Event "53rd Groningen Open 2015"]
[Site "Groningen NED"]
[Date "2015.12.29"]
[Round "8.8"]
[White "Maris, Ivo"]
[Black "Van Osch, Mees"]
[Result "1-0"]
[WhiteTitle "FM"]
[WhiteElo "2352"]
[BlackElo "2289"]
[WhiteFideId "1028146"]
[BlackFideId "1035967"]
[EventDate "2015.12.21"]

1. e4 e6 2. d3 d5 3. Nd2 Nf6 4. Ngf3 b6 5. e5 Nfd7 6. Qe2 c5 7. g3 Nc6 8. Nb3 a5
9. a4 Qc7 10. Bf4 h6 11. h4 g6 12. c3 Ba6 13. c4 Nb4 14. Bg2 Nb8 15. O-O N8c6
16. Rad1 Bg7 17. Rfe1 O-O 18. Nh2 h5 19. g4 hxg4 20. Nxg4 Ne7 21. h5 Nf5 22. Bg5
Rfc8 23. Nf6+ Kf8 24. cxd5 Nxd5 25. Qg4 Bb7 26. Qh3 Bc6 27. Nd2 Nde7 28. Bxc6
Nxc6 29. Nde4 Nxe5 30. Nh7+ Ke8 31. Nef6+ Bxf6 32. Nxf6+ Kf8 33. Rxe5 Qxe5 34.
Nd7+ 1-0

[Event "53rd Groningen Open 2015"]
[Site "Groningen NED"]
[Date "2015.12.29"]
[Round "8.9"]
[White "Baskin, Robert"]
[Black "Ypma, Peter"]
[Result "1-0"]
[WhiteTitle "FM"]
[WhiteElo "2351"]
[BlackElo "2228"]
[WhiteFideId "24662402"]
[BlackFideId "1027255"]
[EventDate "2015.12.21"]

1. e4 d5 2. exd5 Nf6 3. Bb5+ Nbd7 4. d4 Nxd5 5. Nf3 g6 6. O-O Bg7 7. Be2 O-O 8.
c4 N5f6 9. Nc3 c5 10. h3 cxd4 11. Nxd4 Nc5 12. Be3 Ne6 13. Nxe6 Bxe6 14. Qb3 Nd7
15. Rfd1 Qa5 16. Nd5 Rfe8 17. Bd2 Qd8 18. Bf4 Bxd5 19. Rxd5 e6 20. Rd2 Qc8 21.
Rad1 Nc5 22. Qb5 a6 23. Qb6 e5 24. Be3 Ne6 25. Bf3 Rb8 26. Bd5 Nd4 27. Bxd4 exd4
28. Rd3 Re7 29. Rf3 Qc7 30. Rxf7 Qxb6 31. Rf6+ Re6 32. Rxe6 Qxe6 33. Bxe6+ Kf8
34. c5 Re8 35. Bd5 Re7 36. b4 Ke8 37. f3 Kd8 38. Be4 Kc7 39. Kf2 a5 40. bxa5 Kc8
41. Rb1 Rc7 42. a6 bxa6 43. c6 Bf8 44. Ke2 g5 45. Kd3 Bg7 46. Kc4 h5 47. Kc5 h4
48. Bf5+ Kd8 49. Bd7 1-0

[Event "53rd Groningen Open 2015"]
[Site "Groningen NED"]
[Date "2015.12.29"]
[Round "8.10"]
[White "Kerigan, Demre"]
[Black "Liu, Yi"]
[Result "1/2-1/2"]
[WhiteTitle "IM"]
[BlackTitle "FM"]
[WhiteElo "2374"]
[BlackElo "2306"]
[WhiteFideId "6307841"]
[BlackFideId "3210588"]
[EventDate "2015.12.21"]

1. e4 e6 2. d4 d5 3. Nd2 Nf6 4. e5 Nfd7 5. Bd3 c5 6. c3 Nc6 7. Ne2 cxd4 8. cxd4
f6 9. exf6 Nxf6 10. Nf3 Bd6 11. O-O Qc7 12. Nc3 a6 13. Bg5 O-O 14. Bh4 Nh5 15.
Bg3 Nxg3 16. hxg3 h6 17. Rc1 g5 18. Na4 Qg7 19. Nb6 Rb8 20. Qe2 Bd7 21. Qe3 Rbe8
22. Nxd7 Qxd7 23. Ne5 Nxe5 24. dxe5 Bb8 1/2-1/2

[Event "53rd Groningen Open 2015"]
[Site "Groningen NED"]
[Date "2015.12.29"]
[Round "8.11"]
[White "Chen, Pengyu"]
[Black "Kevlishvili, Robby"]
[Result "1-0"]
[WhiteTitle "FM"]
[BlackTitle "FM"]
[WhiteElo "2289"]
[BlackElo "2351"]
[WhiteFideId "3212092"]
[BlackFideId "1040634"]
[EventDate "2015.12.21"]

1. e4 c5 2. c3 d5 3. exd5 Qxd5 4. Nf3 g6 5. Na3 Bg7 6. Bc4 Qd8 7. d4 cxd4 8. Qb3
e6 9. Nb5 a6 10. Nbxd4 Ne7 11. O-O O-O 12. Bg5 Qc7 13. Rfd1 Nbc6 14. Be2 e5 15.
Nxc6 Nxc6 16. Be3 b5 17. a4 Na5 18. Qb4 Nc4 19. axb5 Nxe3 20. b6 Nc2 21. bxc7
Nxb4 22. cxb4 e4 23. b5 Bxb2 24. Ra2 Bg7 25. Nd4 Re8 26. Nc6 Bf6 27. b6 Re6 28.
Rd8+ Kg7 29. Rc2 a5 30. b7 Bxb7 31. Rxa8 1-0

[Event "53rd Groningen Open 2015"]
[Site "Groningen NED"]
[Date "2015.12.29"]
[Round "8.12"]
[White "Amesz, Jaap"]
[Black "Warmerdam, Max"]
[Result "1/2-1/2"]
[BlackTitle "FM"]
[WhiteElo "2166"]
[BlackElo "2335"]
[WhiteFideId "1007106"]
[BlackFideId "1048104"]
[EventDate "2015.12.21"]

1. d4 Nf6 2. Nf3 g6 3. Bf4 Bg7 4. Nbd2 O-O 5. e3 d6 6. Be2 c5 7. c3 Nh5 8. dxc5
Nxf4 9. exf4 dxc5 10. O-O Qc7 11. g3 Nc6 12. Re1 Bf5 13. Nc4 b6 14. Qd2 Rfd8 15.
Qe3 Rd5 16. Rad1 Rad8 17. Rxd5 Rxd5 18. Rd1 Qd7 19. Rxd5 Qxd5 20. a3 Bc8 21. Qd3
e6 22. Ne3 Qxd3 23. Bxd3 Kf8 24. Kf1 Ke7 25. Ke2 Bb7 26. h4 Nb8 27. Ne5 Nd7 28.
Nxd7 Kxd7 29. Bb5+ Bc6 30. a4 a6 31. Bxc6+ Kxc6 32. Kd3 b5 33. axb5+ axb5 34. b3
f5 35. Nc2 Bf6 36. c4 b4 37. Ne1 Kd6 38. Ke3 Ke7 39. Nf3 Kf7 40. Ng5+ Bxg5 41.
fxg5 e5 42. f4 Ke6 43. Kf3 exf4 44. gxf4 1/2-1/2

[Event "53rd Groningen Open 2015"]
[Site "Groningen NED"]
[Date "2015.12.29"]
[Round "8.13"]
[White "Beerdsen, Thomas"]
[Black "Von Meijenfeldt, Bart"]
[Result "1/2-1/2"]
[WhiteTitle "FM"]
[BlackTitle "FM"]
[WhiteElo "2323"]
[BlackElo "2283"]
[WhiteFideId "1030108"]
[BlackFideId "1032259"]
[EventDate "2015.12.21"]

1. e4 c5 2. Nf3 d6 3. d4 cxd4 4. Nxd4 Nf6 5. Nc3 Bd7 6. g3 Nc6 7. Bg2 g6 8. Nxc6
bxc6 9. Qe2 Bg7 10. e5 dxe5 11. Qxe5 O-O 12. Qe2 Bg4 13. Qc4 Be6 14. Qa4 Nd5 15.
Nxd5 1/2-1/2

[Event "53rd Groningen Open 2015"]
[Site "Groningen NED"]
[Date "2015.12.29"]
[Round "8.14"]
[White "Berkovich, Mark A"]
[Black "Kalaiyalahan, Akshaya"]
[Result "1/2-1/2"]
[WhiteTitle "IM"]
[WhiteElo "2353"]
[BlackElo "2157"]
[WhiteFideId "2801639"]
[BlackFideId "422894"]
[EventDate "2015.12.21"]

1. Nf3 Nf6 2. g3 g6 3. Bg2 Bg7 4. O-O O-O 5. d4 d6 6. b3 c5 7. c4 d5 8. cxd5
Nxd5 9. Bb2 Nc6 10. Qd2 cxd4 11. Nxd4 Nxd4 12. Bxd4 Nf4 13. Bxg7 Qxd2 14. Nxd2
Nxe2+ 15. Kh1 Kxg7 16. Rfe1 Nd4 17. Rxe7 Nf5 18. Rc7 Rb8 19. Re1 Rd8 20. Nc4 Rd7
21. Rxd7 Bxd7 22. Bd5 b5 23. Ne5 Be8 1/2-1/2

[Event "53rd Groningen Open 2015"]
[Site "Groningen NED"]
[Date "2015.12.29"]
[Round "8.15"]
[White "Pruijssers, Roeland"]
[Black "Gerlagh, Joris"]
[Result "1-0"]
[WhiteTitle "GM"]
[WhiteElo "2489"]
[BlackElo "2159"]
[WhiteFideId "1013068"]
[BlackFideId "1038834"]
[EventDate "2015.12.21"]

1. e4 c5 2. Nf3 e6 3. d4 cxd4 4. Nxd4 Nc6 5. Nc3 Qc7 6. f4 Nxd4 7. Qxd4 a6 8.
Be3 b5 9. O-O-O Bb7 10. Be2 Rc8 11. Qd3 Nf6 12. Bf3 Bb4 13. Ne2 d5 14. e5 Ne4
15. Ng3 O-O 16. Kb1 Qa5 17. Nxe4 dxe4 18. Bxe4 Rc3 19. bxc3 Bxc3 20. Bc5 Bxe4
21. Qxe4 Rc8 22. Qb7 Re8 23. Qb6 Qa4 24. Rd8 1-0